[Event "It (open)"]
[Site "masterchessopen.com Aschach (Austria)"]
[Round "2"]
[White "Sandhoefner Florian (AUT)"]
[Black "Mazi Leon (SLO)"]
[Result "1-0"]
[WhiteElo "2251"]
[BlackElo "2401"]

1.e4 e5 2.Nf3 Nc6 3.Bb5 a6 4.Ba4 Nf6 5.O-O Be7 6.Re1 b5 7.Bb3 d6 8.c3 O-O 9.h3
Nb8 10.d4 Nbd7 11.a4 Bb7 12.Bc2 Re8 13.Bd3 c6 14.Nbd2 Bf8 15.Nf1 d5 16.Ng3
dxe4 17.Nxe4 Nxe4 18.Bxe4 Nf6 19.Bc2 e4 20.Nh2 c5 21.dxc5 Bxc5 22.Be3 Bd6
23.Bd4 Qc7 24.Ng4 Nd7 25.Ne3 Qc6 26.Bxg7 Be5 27.axb5 axb5 28.Rxa8 Bxa8 29.Bxe5
Nxe5 30.Qd4 Qg6 31.Kf1 f5 32.Ra1 Bc6 33.Ra7 Kh8 34.Bb3 f4 35.Bf7 Qf6 36.Bxe8
fxe3 37.Qxe3 Bxe8 38.Qxe4 {#r} 1-0

[Event "It (open)"]
[Site "masterchessopen.com Aschach (Austria)"]
[Round "1"]
[White "Wegener Dirk (GER)"]
[Black "Havlik Jan (CZE)"]
[Result "1-0"]
[WhiteElo "2379"]
[BlackElo "1929"]

1.e4 e5 2.Nf3 Nc6 3.Bb5 a6 4.Ba4 Nf6 5.O-O Be7 6.Re1 b5 7.Bb3 O-O 8.h3 d6 9.c3
Nb8 10.d4 Nbd7 11.Nbd2 Re8 12.Bxf7+ Kh8 13.Bxe8 Qxe8 14.a4 Bb7 15.axb5 axb5
16.Rxa8 Qxa8 17.Qb3 Bc6 18.Qe6 Qe8 19.Ng5 h6 20.Ngf3 Nf8 21.Qb3 Ng6 22.c4 Bd7
23.Nf1 exd4 24.Nxd4 b4 25.Nf5 Bf8 26.N1g3 Ne5 27.Qc2 Kh7 28.b3 Qc8 29.f4 Ng6
30.Bb2 {#r} 1-0

[Event "It (open)"]
[Site "masterchessopen.com Bad Wiessee (Germany)"]
[Round "6"]
[White "Luther Thomas (GER)"]
[Black "Zude Arno (GER)"]
[Result "1-0"]
[WhiteElo "2540"]
[BlackElo "2398"]

{ Luther Thomas (GER) +2 =4 -2 Zude Arno (GER) +2 =2 -0 Luther Thomas
(GER)-Zude Arno (GER) +0 =0 -1 } 1.e4 { 1 } 1...e5 2.Nf3 Nc6 3.Bb5 a6 4.Ba4
Nf6 5.O-O Be7 6.Re1 b5 7.Bb3 d6 8.c3 O-O 9.h3 Nb8 10.d4 Nbd7 11.Nbd2 Bb7
12.Bc2 Re8 13.Nf1 ( 13.a4 Bf8 14.Bd3 c6 15.b3 Qc7 16.Bb2 g6 17.Qc2 Bg7 18.c4
bxa4 19.c5 axb3 20.Qxb3 d5 21.Rac1 dxe4 22.Ng5 exd3 23.Qxf7+ Kh8 24.dxe5 Nd5
25.Ne6 Rxe6 26.Qxe6 Nf4 27.Qe7 Qd8 28.Qd6 Qg5 29.g3 Ne2+ 30.Rxe2 dxe2 31.Nf3
Qf5 32.Nd4 Qxe5 { ...0-1, Luther Thomas 2550 - Zude Arno 2405 , Binz 1995 Ch
Germany } ) 13...Bf8 14.Ng3 g6 ( 14...h6 15.a4 g6 16.Re2 c5 17.dxe5 dxe5
18.Be3 c4 19.Qc1 Kh7 20.b4 Nb6 21.a5 Nc8 22.Qe1 Bc6 23.Nh2 Qd7 24.Rd1 Qb7
25.Bc1 Nd6 26.Ng4 Nxg4 27.hxg4 f6 28.f3 { 1/2-1/2, Fleischer Frank 2134 - Zude
Arno 2405 , Schwabisch Gmund 2002 It (open) "Staufer" } ) 15.a4 c5 16.d5 c4
17.Bg5 h6 18.Be3 Nc5 19.Qd2 Kh7 { ? } 20.Rf1 ( 20.Ra3 Nfd7 ( 20...Qc7 21.Rea1
Rab8 22.Qd1 Bg7 23.Nd2 Nfd7 24.axb5 axb5 25.Ra5 Qb6 26.b4 cxb3 27.Nxb3 Ra8
28.Bd3 Rxa5 29.Rxa5 Qc7 30.Ra7 Ra8 31.Rxa8 Bxa8 32.Bxb5 Bb7 33.Nxc5 Nxc5
34.Qb1 Bf6 35.Be8 Ba6 36.Bxc5 Qxc5 37.Bxf7 Bh4 38.Qb4 Bxg3 39.Qxc5 dxc5 {
...1-0, Hort Vlastimil 2590 - Hecht Hans-Joachim 2381 , Budapest 1973 It
(cat.11) } ) 21.Nh2 Bg7 22.Rea1 Qc7 23.Qc1 Nb6 24.axb5 axb5 25.Rxa8 Rxa8
26.Rxa8 { 1/2-1/2, Luther Thomas 2604 - Acs Peter 2530 , Yerevan 2001 Ch World
(team) } ) ( 20.Nh2 Rb8 21.Rf1 Qe7 22.f3 Bg7 23.Rf2 Ng8 24.axb5 axb5 25.Raf1
Qh4 26.Ne2 Qe7 27.f4 exf4 28.Rxf4 Rf8 29.Nd4 Be5 30.R4f3 Ba8 31.Qf2 Bxh2+
32.Kxh2 f6 33.Rf4 Rfe8 34.Rg4 Nd3 35.Bxd3 cxd3 36.Ne6 Qf7 37.Qg3 Rxe6 38.dxe6
Qxe6 39.Rxg6 Bxe4 { ...1-0, Timoscenko Gennadij 2505 - Zhukhovitsky Samuel
2470 , Beltsy 1977 Ch URS (qual) } ) 20...Bg7 ( 20...Rb8 21.axb5 axb5 22.Nh2
Qe7 23.Rae1 Bg7 24.f4 exf4 25.Rxf4 Ncd7 26.Nf3 Ne5 27.Nxe5 dxe5 28.Rf3 Rf8
29.Qf2 Ne8 30.Bc5 Nd6 31.Bxd6 Qxd6 32.Rxf7 Rxf7 33.Qxf7 Qb6+ 34.Kh2 Rf8 35.Qe7
Rf2 36.Re2 Rxe2 37.Nxe2 Qf2 38.Bd1 Bc8 39.d6 Bxh3 40.Kxh3 { ...1-0, Watson
William N 2530 - Roeder Mathias 2250 , London 1987 It "Lloyds Bank" } ) 21.Nh2
{ } ( 21.Bxc5 dxc5 22.axb5 axb5 { } ) 21...Rf8 { N } ( 21...Qe7 22.Ng4 (
22.Ra3 Nfd7 23.Rfa1 Nb6 24.axb5 axb5 25.Ra5 Qd7 26.Rxa8 Rxa8 27.Rxa8 Bxa8
28.f4 Nba4 29.Bxa4 Nxa4 30.fxe5 dxe5 31.Qf2 Bb7 32.Ng4 Qe7 33.d6 Qe6 34.Bxh6
Bxh6 35.d7 Bg5 36.Nxe5 Qxe5 37.Qxf7+ Qg7 38.Qe8 Qe7 39.e5 Bc6 { 0-1, Granda
Berdayes Eduardo - Acebal Muniz Antonio 2252 , Trevias 2003 It (open) } )
22...Nxg4 23.hxg4 Qh4 24.g5 Reb8 25.Ra3 Bc8 26.Rfa1 Bd7 27.Bxc5 dxc5 28.axb5
Bxb5 29.gxh6 Bxh6 30.Qe2 Rh8 31.Bd1 Bd7 32.Rxa6 Rxa6 33.Rxa6 Kg7 34.Ra7 Bf4
35.Qf3 Rd8 36.Nf1 Bc8 37.g3 Qg5 38.Ne3 Rd7 39.Rxd7 Bxd7 40.Nxc4 Bc1 41.b4 {
...1-0, Shetty Rahul 2402 - Thipsay Praveen M 2460 , Raipur 2002 It (open)
"Chhattisgarh Chief Minister's Trophy" } ) ( 21...h5 22.f3 Qc7 23.axb5 axb5
24.Rxa8 Bxa8 25.Ra1 Bb7 26.Ne2 Ra8 27.Rf1 Re8 28.g4 Bc8 29.Ng3 Ng8 30.gxh5
Bxh3 31.Ng4 g5 32.Ra1 Bxg4 33.fxg4 Nh6 34.Bxg5 Nxg4 35.Nf5 f6 36.Be3 Rg8
37.Kf1 Qf7 38.Bd1 Bf8 39.Bxg4 Rxg4 40.Qh2 Rxe4 41.Qg2 { ...1-0, Tischbierek
Raj 2495 - Kahn, corr. 1989 Ch DDR (corr.) } ) ( 21...Nxa4 22.Bxa4 bxa4
23.Rxa4 a5 24.f4 ( 24.Rfa1 Bc8 25.Qe2 Bd7 26.R4a2 Qc7 27.Nf3 Bb5 28.Nd2 Nd7
29.Ra3 Reb8 30.Kh2 a4 31.R3a2 Nc5 32.Bxc5 Qxc5 33.Nb1 Bf6 34.Na3 Ba6 35.Nf1
Bg5 36.Nc2 Bb5 37.Nd2 Rc8 38.g3 Kg7 39.Rf1 Ra7 40.f4 Bd8 41.f5 { ...1-0, Jansa
Vlastimil 2475 - Boesken Clemens-Peter 2270 , West Berlin 1986 It (open) } )
24...h5 25.fxe5 dxe5 26.Bg5 Ba6 27.Rf3 Qb6+ 28.Qf2 Qxf2+ 29.Rxf2 Bb5 30.Ra1
Nd7 31.Rxf7 Kg8 32.Raf1 Rf8 33.Rxf8+ Bxf8 34.Nf3 Ba4 35.Be3 Bc2 36.Ng5 Be7
37.Rf2 Bd3 38.Nf1 Rb8 39.Nh2 Bxg5 40.Bxg5 Bxe4 41.d6 { ...0-1, Timman Jan H
2650 - Portisch Lajos 2640 , Reggio Emilia 1984 } ) ( 21...Rb8 22.f4 ( 22.axb5
axb5 23.f3 Ra8 24.Rae1 Ra2 25.Bb1 Ra1 26.Bc2 Rxe1 27.Rxe1 Qe7 28.Ra1 {
1/2-1/2, Gaertig L - Sergiev Stefan, corr. 1983 Olympiad (corr.) } ) 22...exf4
23.Rxf4 Ncd7 24.Nf3 Qe7 25.Nd4 Ne5 26.Qf2 Nfd7 27.axb5 axb5 28.Ra7 Kg8 29.Nxb5
Bxd5 30.Nc7 Nc5 31.Bxc5 dxc5 32.exd5 Rxb2 33.d6 Qd7 34.Bf5 Rxf2 35.Bxd7 Rxf4
36.Bxe8 Bf6 37.Nd5 { 1-0, Mainka Romuald 2450 - Elseth Roar 2340 , Gausdal
1988 It (open) } ) ( 21...Nfd7 22.f4 Qh4 23.Qf2 Qe7 24.f5 Nf6 25.Nf3 Rf8
26.Nxe5 { 1-0, Cmiel Thorsten 2285 - Kovar, corr. 1980 } ) 22.f4 { } ( 22.Bxc5
{ !? } 22...dxc5 23.Rfb1 Ne8 24.axb5 { } ) 22...exf4 23.Rxf4 Ncd7 { ?! } (
23...Nfd7 { !? } 24.Raf1 Ne5 25.Ng4 Nxg4 { } ) 24.Raf1 { } ( 24.Nf3 { !? }
24...Nc5 25.Rf1 Kg8 26.Nd4 { } ) 24...Ne5 25.Nf3 Nfd7 26.Nd4 { } ( 26.Nxe5 {
!? } 26...Nxe5 27.Ne2 Qe7 28.axb5 { } ) 26...bxa4 27.Ngf5 gxf5 28.Nxf5 Ng6 {
?! } ( 28...Rg8 { !? } 29.Nxd6 Rb8 30.Rxf7 a3 { } ) 29.R4f2 Be5 30.Bxa4 Nf6 {
?? } ( 30...Nc5 31.Bxc5 dxc5 32.Nxh6 Bg7 { } ) 31.Bb6 Nxe4 32.Qxh6+ Kg8
33.Bxd8 Raxd8 34.Rf4 Bxd5 35.Rh4 Rfe8 36.Bxe8 Rxe8 37.Qh7+ Kf8 38.Rxe4 { }
{#r} 1-0

[Event "Ch Serbia & Montenegro (team)"]
[Site "masterchessopen.com Budva (Yugoslavia)"]
[Round "8"]
[White "Popovic Dusan (SRB)"]
[Black "Kovacevic Aleksandar (SRB)"]
[Result "1-0"]
[WhiteElo "2447"]
[BlackElo "2556"]

1.e4 e5 2.Nf3 Nc6 3.Bb5 a6 4.Ba4 Nf6 5.O-O Be7 6.Re1 b5 7.Bb3 d6 8.c3 O-O 9.h3
Nb8 10.d4 Nbd7 11.Nbd2 Bb7 12.Bc2 Re8 13.Nf1 c5 14.d5 c4 15.Ng3 Bf8 16.Bg5 h6
17.Be3 g6 18.Qd2 Kh7 19.a4 Qc7 20.Ra3 Nc5 21.Rea1 Bg7 22.Qd1 Nfd7 23.h4 Nb6
24.axb5 axb5 25.Rxa8 Bxa8 26.h5 Nbd7 27.Nh2 Nf6 28.Ng4 Nxg4 29.Qxg4 Bb7 30.Ra7
Ra8 31.Bxc5 dxc5 32.d6 Qc6 33.Rxa8 Bxa8 34.hxg6+ fxg6 35.Qe6 Bb7 36.Qe7 Bc8
37.Nf5 {#r} 1-0

[Event "It (open)"]
[Site "masterchessopen.com Cappelle la Grande (France)"]
[Round "8"]
[White "Luther Thomas (GER)"]
[Black "Staniszewski Piotr (POL)"]
[Result "1-0"]
[WhiteElo "2540"]
[BlackElo "2428"]

{ Luther Thomas (GER) +1 =4 -2 Staniszewski Piotr (POL) +1 =0 -0 } 1.e4 { 1 }
1...e5 2.Nf3 Nc6 3.Bb5 a6 4.Ba4 Nf6 5.O-O Be7 6.Re1 b5 7.Bb3 d6 8.c3 O-O 9.h3
Nb8 10.d4 Nbd7 11.Nbd2 Bb7 12.a4 ( 12.Bc2 Re8 13.Nf1 Bf8 14.Ng3 g6 15.a4 c5
16.d5 c4 17.Bg5 h6 18.Be3 Nc5 19.Qd2 Kh7 20.Ra3 Nfd7 21.Nh2 Bg7 22.Rea1 Qc7
23.Qc1 Nb6 24.axb5 axb5 25.Rxa8 Rxa8 26.Rxa8 { 1/2-1/2, Luther Thomas 2604 -
Acs Peter 2530 , Yerevan 2001 Ch World (team) } ) 12...c5 13.d5 ( 13.Bc2 exd4
14.cxd4 cxd4 15.Nxd4 bxa4 16.Nf5 Nc5 17.Nc4 Bxe4 18.Bxe4 Ncxe4 19.Nxe7+ Qxe7
20.f3 d5 21.Nb6 Rab8 22.Nxa4 Rb4 23.fxe4 Rxe4 24.Bg5 Qa7+ 25.Kh1 Rxe1+ 26.Qxe1
Ne4 27.Be3 d4 28.Bg1 f5 29.Nc3 Nf6 30.Rd1 Rd8 31.Qe6+ Kh8 32.Ne2 Re8 {
...1/2-1/2, Morozevich Alexander 2716 - Grischuk Alexander 2702 , Dubai 2002
Cup World (active) } ) 13...c4 14.Bc2 { ?/= } 14...Nc5 ( 14...Re8 15.Nf1 Bf8
16.g4 Nc5 17.Ng3 g6 18.Be3 Nfd7 19.Kh2 Qc7 20.a5 Bc8 21.Rg1 Bg7 22.Qd2 Nf8
23.Rg2 f6 24.Nh4 g5 25.Nhf5 Ng6 26.h4 Nf4 27.Bxf4 exf4 28.Nh5 Bh8 29.Qd4 Re5
30.f3 Kf8 31.Qd2 Bxf5 32.gxf5 Qf7 33.Nxf4 gxf4 34.Rag1 { ...0-1, Barcenilla
Rogelio 2455 - Giorgadze Giorgi 2565 , Calcutta 1994 It (open) } ) ( 14...g6
15.Nf1 Nh5 16.Bh6 Re8 17.Qd2 Bf8 18.Bg5 Be7 19.Be3 Qc7 20.Ng3 Nxg3 21.fxg3 Nc5
22.a5 Bc8 23.g4 Bd7 24.Rf1 f6 25.Qf2 Rf8 26.Bh6 Rfe8 27.g5 f5 28.exf5 gxf5
29.Nh4 f4 30.Qe2 Nd3 31.Qh5 Bf8 32.g6 Bxh6 33.gxh7+ Kxh7 34.Qg6+ { ...1-0,
Zulfugarli Magomed 2325 - Sideif-Sade Fikret I 2432 , Baku 1996 Ch Azerbaijan
} ) 15.Nf1 { } 15...Qb8 { N } ( 15...Qc7 16.Ng3 Rfb8 17.Nf5 Bf8 18.Qe2 Bc8
19.g4 Bd7 20.axb5 axb5 21.Bg5 Ne8 22.Nd2 Ra7 23.Be3 Rba8 24.Rxa7 Rxa7 25.f4
Ra2 26.Rb1 g6 27.Nh4 exf4 28.Bxf4 Bg7 29.Nhf3 Bxc3 30.Nxc4 Bg7 31.Ne3 Rxb2
32.Rxb2 Bxb2 33.Nd1 Bg7 34.e5 dxe5 35.Nxe5 { ...1/2-1/2, Polgar Judit 2656 -
Kasparov Garry 2849 , Internet 2000 Match (blitz) } ) ( 15...Nfd7 16.Ng3 g6
17.Bh6 Re8 18.Qd2 Nb6 19.axb5 axb5 20.Nh2 Rxa1 21.Rxa1 Bc8 22.Ra7 Bd7 23.Ng4
Qb8 24.Ra1 Bxg4 25.hxg4 Qb7 26.Be3 Ra8 27.Rd1 Qc8 28.Qe2 Ra2 29.Bb1 Ra1 30.Bc2
Qa8 31.g5 Qa2 32.Nf5 gxf5 33.exf5 Nxd5 34.f6 Bf8 35.Bf5 { ...1/2-1/2, Volke
Karsten 2455 - Gabriel Christian 2555 , Walldorf 1998 Cup Germany (team) } ) (
15...Re8 16.Ng3 g6 17.Be3 Nfd7 18.Qd2 ( 18.Nh2 Bg5 19.Qf3 h6 20.Ng4 Kg7 21.Qe2
Bf4 22.Nf1 Qg5 23.Bxc5 Nxc5 24.g3 f5 25.gxf4 exf4 26.Kh1 fxg4 27.Qxg4 Qf6
28.Nd2 Bc8 29.Qg2 Re5 30.Nf3 Bxh3 31.Qh2 Rh5 32.e5 dxe5 33.Rxe5 Bg4 34.Rxh5
Bxf3+ 35.Kg1 { ...0-1, Riznar Helena 1910 - Krivec Jana 2115 , Maribor 1997 Ch
Slovenia (juniors) (under 18) (g) } ) 18...Qc7 19.Nh2 h5 20.Rf1 bxa4 21.Qe2 h4
22.Nh1 Nf6 23.Qf3 Bc8 24.Bxa4 Nxa4 25.Rxa4 Bd7 26.Ra2 Kg7 27.Rfa1 a5 28.Nf1
Nh7 29.Qe2 f5 30.f3 f4 31.Bd2 Nf6 32.Be1 Nh5 33.Nd2 Rec8 34.Bf2 Ng3 35.Qe1 {
...1/2-1/2, Lutz Christopher 2643 - Van Der Sterren Paul 2551 , Germany 2001
Bundesliga 2000/01 } ) ( 15...Rb8 16.Ng3 g6 17.Be3 Qc7 18.Qd2 Bc8 19.Ra2 Bd7
20.axb5 Bxb5 21.Nh2 Nfd7 22.Ng4 Qd8 23.Bh6 Re8 24.f4 Bh4 25.Kh2 Nf6 26.Nxf6+
Qxf6 27.Rf1 exf4 28.Rxf4 Bxg3+ 29.Kxg3 Qe5 30.Qd4 Qxd4 31.cxd4 Nd3 32.Bxd3
cxd3 33.b3 Bd7 34.Rf3 Rxb3 35.Rxa6 { ...1-0, Urday Henry 2455 - Panno Oscar
2520 , Buenos Aires 1988 It } ) 16.Ng3 g6 17.Nh2 Nfd7 18.Ng4 Kh8 19.Rf1 bxa4
20.Bh6 Rc8 21.f4 f6 { ?! } ( 21...exf4 22.Bxf4 a5 23.Qd4+ f6 { } ) 22.f5 g5
23.Bxg5 { ? } ( { ? } 23.Qe2 a5 24.Bxa4 Nxa4 25.Rxa4 { } ) 23...fxg5 24.f6 Bf8
25.Rf5 Rc7 { ?! } ( 25...Qa7 26.Kh2 Qb6 27.Rxg5 Qxb2 { } ) 26.Rxg5 Qe8 27.Nf5
Nb6 { ? } ( { ? } 27...Qd8 28.Rg7 Nb6 29.Nxe5 Bxg7 { } ) 28.Qf3 { ! } (
28.Nfh6 { ? } 28...Bxh6 29.Nxh6 Rf7 30.Nxf7+ { } ) 28...Qf7 { ? } ( { ? }
28...a3 29.Qg3 h5 30.Rg8+ Kh7 { } ) 29.Qg3 { ? } ( { ? } 29.Rg7 Bxg7 30.fxg7+
Qxg7 31.Nxg7 { } ) {#r} 1-0

[Event "It (open) \"]
[Site "masterchessopen.com Copenhagen (Denmark)"]
[Round "2"]
[White "Mikkelsen Nikolaj (DEN)"]
[Black "Tallaksen Geir S (NOR)"]
[Result "0-1"]
[WhiteElo "2180"]
[BlackElo "2343"]

1.e4 e5 2.Nf3 Nc6 3.Bb5 a6 4.Ba4 Nf6 5.O-O Be7 6.Re1 b5 7.Bb3 d6 8.c3 O-O 9.h3
Nb8 10.d4 Nbd7 11.Nbd2 Bb7 12.Qe2 Re8 13.Ng5 d5 14.f4 exd4 15.cxd4 h6 16.Nxf7
Kxf7 17.e5 Bf8 18.g4 c5 19.g5 hxg5 20.Nf3 gxf4 21.Bxf4 cxd4 22.Qd3 Kg8 23.Ng5
Bb4 24.exf6 Nxf6 25.Be5 Bxe1 26.Rxe1 Ne4 27.Nf3 Ng5 28.Nxd4 Nf7 29.Bc2 Qg5+
30.Kh2 Rxe5 31.Qh7+ Kf8 32.Ne6+ Rxe6 33.Rxe6 Qf4+ 34.Kg1 Qg3+ 35.Kf1 Qf3+
36.Ke1 Ng5 {#R} 0-1

[Event "Ch Serbia"]
[Site "masterchessopen.com Dimitrovgrad (Yugoslavia)"]
[Round "1"]
[White "Perunovic Miodrag (SRB)"]
[Black "Bradic Rade (SRB)"]
[Result "1-0"]
[WhiteElo "2366"]
[BlackElo "1942"]

1.e4 e5 2.Nf3 Nc6 3.Bb5 a6 4.Ba4 Nf6 5.O-O Be7 6.Re1 b5 7.Bb3 O-O 8.h3 d6 9.c3
Nb8 10.d4 Nbd7 11.Nbd2 c5 12.Nf1 Bb7 13.Ng3 c4 14.Bc2 Re8 15.Bg5 Qc7 16.d5 Nf8
17.Nf5 Bd8 18.Nh2 Ng6 19.Qf3 Bc8 20.a4 Rb8 21.axb5 axb5 22.Nh6+ gxh6 23.Bxf6
Bxf6 24.Qxf6 Qe7 25.Qf3 Nf4 26.Kh1 Kh8 27.h4 Rg8 28.g3 Bh3 29.Rg1 Ng6 30.h5
Nf8 31.g4 Qg5 32.Qxh3 Qd2 33.Rac1 Qxf2 34.Rgf1 Qd2 35.Qg2 Qg5 36.Rce1 Rb7
37.Rf5 Qg7 38.Ref1 {#r} 1-0

[Event "Ch Asia"]
[Site "masterchessopen.com Doha (Qatar)"]
[Round "3"]
[White "Al-Modiahki Mohamad (QAT)"]
[Black "Kayumov Sergey (UZB)"]
[Result "1-0"]
[WhiteElo "2577"]
[BlackElo "2404"]

1.e4 e5 2.Nf3 Nc6 3.Bb5 a6 4.Ba4 Nf6 5.O-O Be7 6.Re1 b5 7.Bb3 d6 8.c3 O-O 9.h3
Nb8 10.d4 Nbd7 11.Nbd2 Bb7 12.Bc2 Re8 13.Nf1 Bf8 14.Ng3 g6 15.b3 c6 16.Bg5 Bg7
17.Qd2 Qc7 18.Bh6 Nf8 19.a4 Ne6 20.b4 a5 21.Bxg7 Kxg7 22.axb5 cxb5 23.bxa5
Rec8 24.Bb3 Nf4 25.Re3 h6 26.Qb2 Ra6 27.dxe5 dxe5 28.c4 bxc4 29.Bxc4 Rxa5
30.Rxa5 Qxa5 31.Nxe5 Rc7 32.Rf3 g5 33.Ng4 Rxc4 34.Qxf6+ Kf8 35.Rxf4 gxf4
36.Nf5 Rc1+ 37.Kh2 {#r} 1-0

[Event "It (open)"]
[Site "masterchessopen.com Genoa (Italy)"]
[Round "6"]
[White "Di Paolo Raffaele (ITA)"]
[Black "Delchev Aleksander (BUL)"]
[Result "0-1"]
[WhiteElo "2323"]
[BlackElo "2601"]

1.e4 e5 2.Nf3 Nc6 3.Bb5 a6 4.Ba4 Nf6 5.O-O Be7 6.Re1 b5 7.Bb3 d6 8.c3 O-O 9.h3
Nb8 10.d4 Nbd7 11.Nbd2 Bb7 12.Bc2 c5 13.d5 c4 14.Nf1 Qc7 15.g4 Rfb8 16.Ng3 Nc5
17.g5 Ne8 18.Nf5 Bf8 19.Nh2 Bc8 20.Ng4 a5 21.Kh2 b4 22.Rg1 Kh8 23.Qf3 a4
24.Qg3 b3 25.Nf6 Bxf5 26.exf5 gxf6 27.gxf6 Nxf6 28.Bg5 Bg7 29.Bh4 Nh5 30.Qg4
f6 31.Qxh5 bxc2 32.Rg6 Nd3 33.Rh6 Rf8 {#R} 0-1

[Event "It (open)"]
[Site "masterchessopen.com Genoa (Italy)"]
[Round "5"]
[White "Fossati Remigio (ITA)"]
[Black "Delchev Aleksander (BUL)"]
[Result "0-1"]
[WhiteElo "2107"]
[BlackElo "2601"]

1.e4 e5 2.Nf3 Nc6 3.Bb5 a6 4.Ba4 Nf6 5.O-O Be7 6.Re1 b5 7.Bb3 d6 8.c3 O-O 9.h3
Nb8 10.d4 Nbd7 11.a4 Bb7 12.Nbd2 c5 13.d5 c4 14.Bc2 Qc7 15.Nf1 Rfb8 16.Ne3 Nc5
17.Nf5 Bf8 18.Nh2 Bc8 19.axb5 axb5 20.Rxa8 Rxa8 21.Qf3 Ne8 22.Ng4 Kh8 23.Qg3
f6 24.h4 Bxf5 25.exf5 Qf7 26.Ne3 Nc7 27.Rd1 e4 28.Qf4 Re8 29.Rd4 Re5 30.b4
cxb3 31.Bxe4 Nxe4 32.Rxe4 Nxd5 33.Nxd5 Qxd5 34.Rxe5 dxe5 35.Qf3 Qxf3 36.gxf3
h5 37.Kf1 Bc5 {#R} 0-1

[Event "It (open) \"]
[Site "masterchessopen.com Izmir (Turkey)"]
[Round "3"]
[White "Aroshidze Levan (GEO)"]
[Black "Tamur Ali (TUR)"]
[Result "1-0"]
[WhiteElo "2411"]
[BlackElo "2209"]

1.e4 e5 2.Nf3 Nc6 3.Bb5 a6 4.Ba4 Nf6 5.O-O Be7 6.Re1 b5 7.Bb3 d6 8.c3 O-O 9.h3
Nb8 10.d4 Nbd7 11.Nbd2 Bb7 12.Bc2 Re8 13.Nf1 Bf8 14.Ng3 g6 15.b3 c5 16.d5 Nb6
17.a4 bxa4 18.bxa4 a5 19.Bd3 c4 20.Bc2 Nfd7 21.Be3 Qc7 22.Nh2 h5 23.Qd2 Nc5
24.Bh6 Kh7 25.Bxf8 Rxf8 26.f4 exf4 27.Qxf4 Nd3 28.Bxd3 cxd3 29.Nf3 Nc4 30.Rf1
Ne5 31.Nxh5 Nxf3+ 32.Rxf3 Qxc3 33.Nf6+ Kg7 34.Raf1 Ba6 35.Ng4 Kg8 36.Qh6 f5
37.Qxg6+ Qg7 38.Qe6+ {#r} 1-0

[Event "Ch Greece (team)"]
[Site "masterchessopen.com Kallithea (Greece)"]
[Round "7"]
[White "Sokolov Andrei (FRA)"]
[Black "Gavrilakis Nikolaos (GRE)"]
[Result "1-0"]
[WhiteElo "2591"]
[BlackElo "2411"]

1.e4 e5 2.Nf3 Nc6 3.Bb5 a6 4.Ba4 Nf6 5.O-O Be7 6.Re1 b5 7.Bb3 d6 8.c3 O-O 9.h3
Nb8 10.d4 Nbd7 11.Nbd2 Bb7 12.a4 c5 13.Bc2 Re8 14.d5 g6 15.b4 c4 16.Nf1 Nb6
17.Bh6 Bc8 18.a5 Nbd7 19.Ng3 Bf8 20.Be3 Re7 21.Qd2 Bg7 22.Nh2 h5 23.Rf1 Nh7
24.f4 exf4 25.Bxf4 Ne5 26.Ne2 Bd7 27.Nd4 Qc7 28.Nhf3 Rae8 29.Rae1 Nxf3+
30.Nxf3 Qb8 31.Rf2 Nf8 32.Ref1 Nh7 33.Kh1 Nf6 34.Ng5 Nh7 35.Nxh7 Kxh7 36.Bg5
Kg8 37.Rf3 Qd8 38.Qf2 {#r} 1-0

[Event "Ch Poland (team) (extraleague)"]
[Site "masterchessopen.com Lubniewice (Poland)"]
[Round "1"]
[White "Szelag Marcin (POL)"]
[Black "Janocha Wieslaw (POL)"]
[Result "1-0"]
[WhiteElo "2476"]
[BlackElo "2282"]

1.e4 e5 2.Nf3 Nc6 3.Bb5 a6 4.Ba4 Nf6 5.O-O Be7 6.Re1 b5 7.Bb3 O-O 8.c3 d6 9.h3
Nb8 10.d4 Nbd7 11.Nbd2 Bb7 12.Bc2 Re8 13.Nf1 Bf8 14.Ng3 g6 15.a4 Bg7 16.Bd3 c6
17.Bg5 h6 18.Bd2 Qb6 19.Be3 c5 20.d5 Bxd5 21.exd5 e4 22.Nxe4 Nxe4 23.axb5 Nef6
24.Qd2 axb5 25.Rxa8 Rxa8 26.Bxh6 c4 27.Bxg6 fxg6 28.Re7 Bh8 29.Qg5 Nf8 30.Bxf8
Kxf8 31.Re6 Qd8 32.Qxg6 Nxd5 33.Ng5 Ra1+ 34.Kh2 Ra7 35.Re4 {#r} 1-0

[Event "It (cat.11)"]
[Site "masterchessopen.com Nagykanizsa (Hungary)"]
[Round "8"]
[White "Vajda Levente (ROM)"]
[Black "Gyimesi Zoltan (HUN)"]
[Result "1-0"]
[WhiteElo "2547"]
[BlackElo "2613"]

{ Gyimesi Zoltan (HUN) +4 =13 -0 } 1.e4 { 1 } 1...e5 2.Nf3 Nc6 3.Bb5 a6 4.Ba4
Nf6 5.O-O Be7 6.Re1 b5 7.Bb3 d6 8.c3 O-O 9.h3 Nb8 10.d4 Nbd7 11.Nbd2 Bb7
12.Bc2 Re8 13.Nf1 Bf8 14.Ng3 g6 { ?/= } 15.h4 ( 15.a4 c5 16.d5 c4 17.Bg5 h6
18.Be3 Nc5 19.Qd2 h5 20.Ra3 Nfd7 21.Rea1 Bg7 22.Bg5 Bf6 23.Bh6 Qe7 24.Qc1 Nb6
25.axb5 axb5 26.Ra5 Qd7 27.Bg5 Bg7 28.Bh6 Bf6 29.Bg5 Bg7 30.Bh6 { 1/2-1/2,
Shirov Alexei 2697 - Kramnik Vladimir 2807 , Monaco 2002 It "Melody Amber"
(blindfold) } ) ( 15.b3 Bg7 16.d5 Rc8 17.Be3 c6 18.c4 Qc7 19.Rc1 b4 20.Qd2 a5
21.Bb1 c5 22.Rf1 Ra8 23.Nh2 a4 24.Bg5 axb3 25.axb3 Ra3 26.Bc2 Ra2 27.Kh1 h5
28.Rce1 Nh7 29.Be3 Qd8 30.Qc1 Qe7 31.Ne2 Bc8 32.Bb1 Ra3 33.Qc2 Rf8 34.Nc1 Re8
{ ...1-0, Anand Viswanathan 2795 - Van Der Sterren Paul 2575 , Wijk aan Zee
1998 It (cat.17) } ) 15...d5 { } ( 15...Bg7 16.h5 d5 17.hxg6 hxg6 18.Bg5 Qc8
19.dxe5 Nxe4 20.Nxe4 dxe4 21.Bxe4 Bxe4 22.Rxe4 Nxe5 23.Nxe5 Qf5 24.Qf3 Qxf3
25.gxf3 Rxe5 26.Rxe5 Bxe5 27.Re1 Bg7 28.Re7 Rc8 29.Rd7 Be5 30.Rd3 c5 31.Rd5
Bg7 32.Rd6 a5 33.Rd5 a4 34.Be3 b4 35.Rxc5 { ...1/2-1/2, Faibisovich Vadim Z
2420 - Tukmakov Vladimir B 2565 , Dubna 1970 Ch URS (young masters) } ) 16.Bg5
{ N } ( 16.dxe5 dxe4 17.Nxe4 Nxe4 18.Bxe4 Bxe4 19.Rxe4 Nxe5 20.Bg5 Qxd1+
21.Rxd1 Nxf3+ 22.gxf3 Bd6 23.Rde1 Rxe4 24.fxe4 Re8 25.f3 f5 26.Kf2 Kf7 27.Ke3
fxe4 28.fxe4 Ke6 29.h5 Rf8 30.hxg6 hxg6 31.Kd3 Rf3+ 32.Re3 Rf1 33.Rh3 Rd1+
34.Kc2 Rg1 35.Bd2 g5 { ...0-1, Olafsson Fridrik 2570 - Benko Pal C 2525 , Bled
1959 Tournament (candidates) } ) 16...h6 17.Bxf6 Qxf6 18.h5 dxe4 { ?! } (
18...exd4 { !? } 19.Qxd4 Qxd4 20.Nxd4 Kh7 { } ) 19.Nxe4 { } ( 19.Bxe4 { !? }
19...Bxe4 20.Nxe4 Qb6 21.hxg6 { } ) 19...Qg7 20.hxg6 fxg6 21.a4 Kh8 { } (
21...b4 { !? } 22.Qd3 bxc3 23.Qxc3 Kh8 { } ) 22.axb5 axb5 23.Rxa8 Bxa8 24.Ng3
Bd6 { } ( 24...Bxf3 { !? } 25.Qxf3 Re7 26.Qc6 exd4 { } ) 25.Nh4 Nf8 26.Qg4 Re6
27.Bb3 Re8 28.f4 e4 29.Nf3 h5 { ? } ( { ? } 29...c5 30.Ne5 Bxe5 31.fxe5 cxd4 {
} ) 30.Qh4 { ? } ( { ? } 30.Nxh5 Qh6 31.Nf6 Bxf4 32.Kf2 { } ) 30...Be7 31.Ng5
Bxg5 32.Qxg5 Bc6 { ?! } ( 32...Nh7 { !? } 33.Qxb5 Qf8 34.Ra1 c6 { } ) 33.Qc5
Qf6 34.d5 Qxf4 { ?! } ( 34...Bd7 { !? } 35.Rxe4 Rc8 36.Re7 Ra8 { } ) 35.Qd4+
Kh7 36.Ne2 Qf7 37.Rf1 Qg8 38.Ng3 { } {#r} 1-0

[Event "It (open)"]
[Site "masterchessopen.com Sitges (Spain)"]
[Round "7"]
[White "Ayas Fernandez Antonio (ESP)"]
[Black "Beltran Rueda Santiago (ESP)"]
[Result "0-1"]
[WhiteElo "2336"]
[BlackElo "2397"]

1.e4 e5 2.Nf3 Nc6 3.Bb5 a6 4.Ba4 Nf6 5.O-O Be7 6.Re1 b5 7.Bb3 d6 8.c3 O-O 9.h3
Nb8 10.d4 Nbd7 11.Nbd2 Bb7 12.Bc2 Re8 13.Nf1 Bf8 14.Ng3 g6 15.b3 d5 16.Bg5 h6
17.Bh4 g5 18.dxe5 gxh4 19.Nf5 Nxe5 20.Nxe5 Rxe5 21.f4 Rxe4 {#R} 0-1

[Event "Ch Nordic (w)"]
[Site "masterchessopen.com Stockholm (Sweden)"]
[Round "4"]
[White "Olsen Miriam F (DEN)"]
[Black "Breen Veronica (SWE)"]
[Result "1-0"]
[WhiteElo "1998"]
[BlackElo "2002"]

1.e4 e5 2.Nf3 Nc6 3.Bb5 a6 4.Ba4 Nf6 5.O-O Be7 6.Re1 b5 7.Bb3 d6 8.c3 O-O 9.h3
Nb8 10.d4 Nbd7 11.Nbd2 Bb7 12.Bc2 Re8 13.Nf1 Bf8 14.Ng3 g6 15.a4 c5 16.d5 c4
17.Bg5 Bg7 18.Qd2 Qc7 19.Nh2 Nc5 20.Kh1 Reb8 21.f4 exf4 22.Qxf4 Nfd7 23.Ng4
Ne5 24.Nf6+ Bxf6 25.Bxf6 Ncd7 26.Bg5 Bc8 27.Bh6 bxa4 28.Bxa4 Nd3 29.Qh4 f6
30.Bxd7 Bxd7 31.Rf1 g5 32.Bxg5 fxg5 33.Qxg5+ Kh8 34.Rf7 Nf2+ 35.Kh2 {#r} 1-0

[Event "Dos Hermanas Qualifier (16-A)"]
[Site "masterchessopen.com Internet"]
[Date "2003.03.16"]
[Round "6"]
[White "Grischuk Alexander (RUS)"]
[Black "Moldobaev Emelbek (KGZ)"]
[Result "1-0"]
[WhiteElo "2704"]
[BlackElo "2388"]

1.e4 e5 2.Nf3 Nc6 3.Bb5 a6 4.Ba4 Nf6 5.O-O Be7 6.Re1 b5 7.Bb3 d6 8.c3 O-O 9.h3
Nb8 10.d4 Nbd7 11.Nbd2 Bb7 12.Bc2 Re8 13.Nf1 Bf8 14.Ng3 g6 15.b3 c6 16.Bg5 h6
17.Be3 Qc7 18.Qd2 Kh7 19.a4 Bg7 20.Bd3 Nb6 21.Rab1 exd4 22.cxd4 bxa4 23.bxa4
Nbd7 24.Qc2 c5 25.Qb3 Bxe4 26.Nxe4 Nxe4 27.Qxf7 Rf8 28.Qc4 Ndf6 29.dxc5 Nxc5
30.Nh4 {#r} 1-0